“Hoy cumplirías años”: recordatorios en los diarios, tácticas de afecto y memoria en la esfera pública postdictadura (Registro nro. 170935)

Detalles MARC
000 -CABECERA
campo de control de longitud fija 02001nab a2200325 a 4500
005 - FECHA Y HORA DE LA ÚLTIMA TRANSACCIÓN
campo de control 20210219162148.0
008 - ELEMENTOS DE LONGITUD FIJA--INFORMACIÓN GENERAL
campo de control de longitud fija 991125s1985 mx 000 0 spa u
035 ## - NÚMERO DE CONTROL DEL SISTEMA
Número de control de sistema UPN01000198834
049 ## - COLECCIÓN
Colección ART-E
100 1# - ASIENTO PRINCIPAL--NOMBRE PERSONAL
Nombre de persona Benegas Loyo, Diego
100 1# - ASIENTO PRINCIPAL--NOMBRE PERSONAL
Filiación benegas.loyo@gmail.com
100 1# - ASIENTO PRINCIPAL--NOMBRE PERSONAL
Nombre de persona D'Alessio, Antonella
100 1# - ASIENTO PRINCIPAL--NOMBRE PERSONAL
Nombre de persona Colosimo, Ayelén
222 ## - TÍTULO CLAVE
Título clave ATHENEA DIGITAL : REVISTA DE PENSAMIENTO E INVESTIGACION SOCIAL
245 ## - MENCIÓN DE TÍTULO
Título “Hoy cumplirías años”: recordatorios en los diarios, tácticas de afecto y memoria en la esfera pública postdictadura
260 ## - PUBLICACIÓN, DISTRIBUCIÓN, ETC.
Lugar de publicación, distribución, etc. España
300 ## - DESCRIPCIÓN FÍSICA
Extensión 147-169
362 0# - FECHAS DE PUBLICACIÓN Y/O DESIGNACIÓN SECUENCIAL
Fecha de publicación y/o designación secuencial 2014 Vol. 14, no. 2
336 ## - TIPO DE CONTENIDO
Término de tipo de contenido texto$2rdacontent
337 ## - TIPO DE MEDIO
Nombre/término del tipo de medio computadora$2rdamedia
338 ## - TIPO DE SOPORTE
Nombre/término del tipo de soporte recurso en linea$2rdacarrier
520 3# - NOTA DE RESUMEN, ETC.
Sumario, etc. Luego de la caída de la última dictadura argentina, la memoria colectiva del terrorismo de estado ha sido central en las discusiones en la esfera pública. La publicación en diarios de avisos recordatorios de los detenidos desaparecidos es parte de este conflicto. Estudiamos esta práctica analizando un caso particular: los anuncios publicados en el diario Página 12 de la Ciudad de Buenos Aires entre 1988 y 2013. Con un corpus de 120 anuncios, ampliado con entrevistas a participantes, analizamos su discurso y estrategias performativas y proponemos hipótesis sobre sus funciones, efectos afectivos, sociales, y políticos, y la forma en que estas tácticas se relacionan con otras militancias de la memoria. Estos recordatorios homenajean, piden información, y testimonian la vida de los desaparecidos, operando sobre el trauma social del terrorismo de estado. Socializan una búsqueda de justicia y materializan la voluntad política de un proyecto compartido de sociedad.
653 0# - TERMINO DE INDIZACION - NO CONTROLADO
Término no controlado ARGENTINA
653 0# - TERMINO DE INDIZACION - NO CONTROLADO
Término no controlado MEMORIA COLECTIVA
653 0# - TERMINO DE INDIZACION - NO CONTROLADO
Término no controlado DICTADURA
653 0# - TERMINO DE INDIZACION - NO CONTROLADO
Término no controlado TRAUMA
856 4# - LOCALIZACIÓN Y ACCESO ELECTRÓNICOS
Identificador Uniforme del Recurso <a href="http://atheneadigital.net/article/view/v14-n2-benegas/pdf">http://atheneadigital.net/article/view/v14-n2-benegas/pdf</a>
905 ## - TIPO DE MATERIAL
Tipo de material Articulo

No hay ítems disponibles.